MARC details
| 000 -LEADER |
| fixed length control field |
03339cgm a2200553Ia 4500 |
| 001 - CONTROL NUMBER |
| control field |
6427717 |
| 003 - CONTROL NUMBER IDENTIFIER |
| control field |
EG-ScBUE |
| 005 - DATE AND TIME OF LATEST TRANSACTION |
| control field |
20210227114337.0 |
| 006 - FIXED-LENGTH DATA ELEMENTS--ADDITIONAL MATERIAL CHARACTERISTICS--GENERAL INFORMATION |
| fixed length control field |
m||||fq||i 00| 0 |
| 007 - PHYSICAL DESCRIPTION FIXED FIELD--GENERAL INFORMATION |
| fixed length control field |
vd bvaizs |
| 008 - FIXED-LENGTH DATA ELEMENTS--GENERAL INFORMATION |
| fixed length control field |
031015p20031962nyu094 f vleng d |
| 020 ## - INTERNATIONAL STANDARD BOOK NUMBER |
| International Standard Book Number |
0780023269 |
| 024 1# - OTHER STANDARD IDENTIFIER |
| Standard number or code |
037429149324 |
| 028 40 - PUBLISHER NUMBER |
| Publisher number |
KN1020 |
| Source |
Criterion collection |
| 035 ## - SYSTEM CONTROL NUMBER |
| System control number |
(OCoLC)ocn688921054 |
| 035 ## - SYSTEM CONTROL NUMBER |
| System control number |
6427717 |
| 040 ## - CATALOGING SOURCE |
| Original cataloging agency |
OSU |
| Language of cataloging |
eng |
| Description conventions |
rda |
| Transcribing agency |
OSU |
| Modifying agency |
CtY |
| -- |
EG-ScBUE |
| 049 ## - LOCAL HOLDINGS (OCLC) |
| Holding library |
YUSS |
| 082 04 - DEWEY DECIMAL CLASSIFICATION NUMBER |
| Classification number |
791.4372 |
| Item number |
KNI |
| Edition number |
22 |
| 245 00 - TITLE STATEMENT |
| Title |
Knife in the water = |
| Remainder of title |
Nóż w wodzie |
| Medium |
[videorecording] / |
| Statement of responsibility, etc |
a Film Roman Polanski. |
| 246 31 - VARYING FORM OF TITLE |
| Title proper/short title |
Nóż w wodzie |
| 250 ## - EDITION STATEMENT |
| Edition statement |
Special edition. |
| 257 ## - COUNTRY OF PRODUCING ENTITY FOR ARCHIVAL FILMS |
| Country of producing entity |
London. |
| 264 #1 - PRODUCTION, PUBLICATION, DISTRIBUTION, MANUFACTURE STATEMENTS |
| Place of production, publication, distribution, manufacture |
[Irvington, NY] : |
| Name of producer, publisher, distributor, manufacturer |
Criterion Collection, |
| Date of production, publication, distribution, manufacture |
2003. |
| 300 ## - PHYSICAL DESCRIPTION |
| Extent |
2 video disc (94 minutes) ; |
| Dimensions |
4 3/4 in. |
| 306 ## - PLAYING TIME |
| Playing time |
013400 |
| 336 ## - CONTENT TYPE |
| Content Type Term |
two-dimensional moving image |
| Content Type Code |
tdi |
| Source |
rdacontent |
| 337 ## - MEDIA TYPE |
| Media Type Term |
video |
| Media Type Code |
v |
| Source |
rdamedia |
| 338 ## - CARRIER TYPE |
| Carrier Type Term |
videodisc |
| Carrier Type Code |
vd |
| Source |
rdacarrier |
| 346 ## - Video Characteristics |
| Video format |
VHS |
| source |
rdavf |
| 347 ## - Digital File Characteristics |
| File type |
2 videodisc |
| Encoding format |
DVD video |
| 490 0# - SERIES STATEMENT |
| Series statement |
Criterion collection ; |
| Volume number/sequential designation |
215 |
| 500 ## - GENERAL NOTE |
| General note |
Videodisc release of the 1962 motion picture entitled : Nóż w wozie w wodzie. |
| 500 ## - GENERAL NOTE |
| General note |
Special features: New high-definition digital transfer, with restored image and sound; video interview with director Roman Polanski and co-screenwriter, Jerzy Skolimowki; a collection of rare publicity and production skills; English subtitle translation by Roman Polanski; optimal image quality: RSDL dual-layer edition. |
| 500 ## - GENERAL NOTE |
| General note |
Winner of the International Film Critics' Award at the Venice Film Festival in 1962." |
| 505 00 - FORMATTED CONTENTS NOTE |
| Title |
Knife in the water / |
| Statement of responsibility |
directed by Roman Polanski |
| Miscellaneous information |
(1962, 94 min.) -- |
| Title |
Murder [Morderstwo] / |
| Statement of responsibility |
directed by Roman Polanski |
| Miscellaneous information |
(1957, 2 min.) -- |
| Title |
Teeth smile [Usmiech zebiczny] / |
| Statement of responsibility |
directed by Roman Polanski |
| Miscellaneous information |
(1957, 2 min.) -- |
| Title |
Break up the dance [Rozbijemy zabawe] / |
| Statement of responsibility |
directed by Roman Polanski |
| Miscellaneous information |
(1962, 94 min.) -- |
| Title |
Two men and a wardrobe [Dwaj ludzie z szafa] / |
| Statement of responsibility |
directed by Roman Polanski |
| Miscellaneous information |
(1958, 15 min.) -- |
| Title |
Lamp [Lampa] / |
| Statement of responsibility |
directed by Roman Polanski |
| Miscellaneous information |
(1959, 8 min.) -- |
| Title |
When Angels fall [Gdy spadaja anioly] / |
| Statement of responsibility |
directed by Roman Polanski |
| Miscellaneous information |
(1959, 21 min.) -- |
| Title |
Fat and the lean [Gros et le maigre] / |
| Statement of responsibility |
directed by Roman Polanski |
| Miscellaneous information |
(1961, 15 min.) -- |
| Title |
Mammals [Ssaki] / |
| Statement of responsibility |
directed by Roman Polanski |
| Miscellaneous information |
(1963, 10 min.). |
| 508 ## - CREATION/PRODUCTION CREDITS NOTE |
| Creation/production credits note |
Director, Roman Polanski ; screenplay, Roman Polanski, Jerzy Skolimowski, Jakub Goldberg ; producer, Kamera Unit of Film Polski ; producer, Stanislaw Zylewicz ; music, Krzysztof T. Komeda. |
| 511 1# - PARTICIPANT OR PERFORMER NOTE |
| Participant or performer note |
Leon Niemczyk, Jolanta Umecka, Zgmunt Malanowica. |
| 520 ## - SUMMARY, ETC. |
| Summary, etc |
A middle-aged journalist and his wife invite a footloose young hitch-hiker aboard their sail-boat for a Sunday outing in the Polish lake district. Like two peacocks, the men proceed to flaunt their virility before the woman, revealing a cynical sadism on the part of the husband and a growing resentment in the knife-wielding youth. |
| 538 ## - SYSTEM DETAILS NOTE |
| System details note |
DVD format. |
| 546 ## - LANGUAGE NOTE |
| Language note |
In Polish with English subtitles. |
| 650 #7 - SUBJECT ADDED ENTRY--TOPICAL TERM |
| Topical term or geographic name as entry element |
Hitchhiking |
| Form subdivision |
Drama. |
| Source of heading or term |
BUEsh |
| 650 #7 - SUBJECT ADDED ENTRY--TOPICAL TERM |
| Topical term or geographic name as entry element |
Sailing |
| Form subdivision |
Drama. |
| Source of heading or term |
BUEsh |
| 653 ## - INDEX TERM--UNCONTROLLED |
| Resource For college list |
Communication and mass media |
| Arrived date list |
February2021 |
| 700 1# - ADDED ENTRY--PERSONAL NAME |
| Personal name |
Polanski, Roman. |
| 9 (RLIN) |
5544 |
| 710 2# - ADDED ENTRY--CORPORATE NAME |
| Corporate name or jurisdiction name as entry element |
Criterion Collection (Firm) |
| 9 (RLIN) |
25408 |
| 830 #0 - SERIES ADDED ENTRY--UNIFORM TITLE |
| Uniform title |
Criterion collection (DVD videodiscs) ; |
| Volume number/sequential designation |
215. |
| 942 ## - ADDED ENTRY ELEMENTS (KOHA) |
| Source of classification or shelving scheme |
Dewey Decimal Classification |
| Item type |
CD | DVD - Movie (NB) |